000 00424nam a2200169 a 4500
001 3081
003 CO-ViMGA
008 141112s2004 ck r 000 u spa d
040 _aCO-ViMGA
_bspa
_cCO-ViMGA
082 0 4 _aDiSal
100 1 _adisney,
_96281
245 1 0 _aAlicia en el País de las maravillas
260 _aBogotá,
_cNorma,
_c1992
300 _a16 p. il.
650 1 4 _aCUENTOS INFANTILES
_92743
942 _2ddc
_cBK
999 _c15136
_d15136